Normal view
MARC view
- Information Security - IP Based Security
Entry Topical Term
001 - CONTROL NUMBER
- control field: 34946
003 - CONTROL NUMBER IDENTIFIER
- control field: NUST
005 - DATE AND TIME OF LATEST TRANSACTION
- control field: 20201109134024.0
008 - FIXED-LENGTH DATA ELEMENTS
- fixed length control field: 201109|| aca||aabn | a|a d
040 ## - CATALOGING SOURCE
- Original cataloging agency: NUST
- Transcribing agency: NUST
150 ## - HEADING--TOPICAL TERM
- Topical term or geographic name entry element: Information Security - IP Based Security
670 ## - SOURCE DATA FOUND
- Source citation: Work cat.: (NUST): Khan, Rashid Masood 34945, Forensics of IP Based Security Surveillance Cameras, 2017.
